000 01102cam a22002054a 4500
005 20250605164104.0
008 250528s ||||||||||||||||||||||||d
035 _a17662
020 _a9789605465025
040 _aGR-AtMCL
_bgre
_dGR-AtMCL
_eAACR2
245 1 _aΧρηματοοικονομικές Αγορές.
_nΤόμος 1
250 _a
260 _bΠεδίο,
_c2012
300 _a254
520 _aΑυτό το βιβλίο καλύπτει με επίκαιρο και συνολικό τρόπο το πώς λειτουργούν οι σύγχρονες χρηματοοικονομικές αγορές. Πρόλογος, Ευχαριστίες, Ο Σκοπός των Χρηματοοικονομικών Αγορών, Επισκόπηση των Αγορών και των Διαφόρων Χρηματοοικονομικών Ιδρυμάτων, Τραπεζική: Λιανική και Εταιρική, Επενδυτική Τραπεζική, Η Κεντρική Τράπεζα.
700 1 _aArnold Glen
_93852
942 _cBK
999 _c3064
_d3064